000 00907nam a2200193Ii 4500
003 JO-AjNU
008 230605s9999||||xx |||||||||||||| ||und||
040 _aJO-AjNU
_bara
_erda
_cJO-AjNU
041 _aara
050 1 4 _aBF455 1964
100 3 _aهنا، محمد سامي محفوظ ؛ تقديم: محمد عثمان نجاتي,
_eauthor
_99190
245 0 0 _aالتفكير التجريدي لدى العصابيين القهريين : دراسة تجريبية نفسية
264 3 1 _aالقاهرة: دار النهضة العربية، 1964
300 _aع: 275ص ؛ انجليزي:20ص
_bيتضمن ببلوغرافيا ص240-266 ؛ المراجع الاجنبية ص 267-275 ؛ ملخص باللغة الانجليزية ص 1-20
336 _atext
_btxt
_2rdacontent
337 _aunmediated
_bn
_2rdamedia
338 _avolume
_bnc
_2rdacarrier
650 4 _aالاطفال- علم النفس
_99191
999 _aA1172
_c4740
_d4740